<?xml version="1.0" encoding="UTF-8"?>
<record
    xmlns:xsi="http://www.w3.org/2001/XMLSchema-instance"
    xsi:schemaLocation="http://www.loc.gov/MARC21/slim http://www.loc.gov/standards/marcxml/schema/MARC21slim.xsd"
    xmlns="http://www.loc.gov/MARC21/slim">

  <leader>02390    a2200229   4500</leader>
  <controlfield tag="001">39447</controlfield>
  <controlfield tag="005">20260407155653.0</controlfield>
  <controlfield tag="008">260407a1967    arg                 spa d</controlfield>
  <controlfield tag="003">AR-UNSa-BCEJYS</controlfield>
  <datafield tag="040" ind1=" " ind2=" ">
    <subfield code="a">AR-UNSa-BCEJYS</subfield>
    <subfield code="b">spa</subfield>
    <subfield code="c">AR-UNSa-BCEJYS</subfield>
  </datafield>
  <datafield tag="080" ind1=" " ind2=" ">
    <subfield code="a">658.8</subfield>
    <subfield code="x">Organizaci&#xF3;n de mercados. Marketing. Ventas. Distribuci&#xF3;n</subfield>
  </datafield>
  <datafield tag="245" ind1="1" ind2="0">
    <subfield code="a">Principios de mercadotecnia</subfield>
  </datafield>
  <datafield tag="264" ind1=" " ind2="1">
    <subfield code="a">M&#xE9;xico :</subfield>
    <subfield code="b">Uni&#xF3;n Tipogr&#xE1;fica Editorial Hispano-Americana (UTEHA)</subfield>
    <subfield code="c">1967</subfield>
  </datafield>
  <datafield tag="300" ind1=" " ind2=" ">
    <subfield code="a">788 p.</subfield>
    <subfield code="c">23 cm.</subfield>
  </datafield>
  <datafield tag="505" ind1=" " ind2=" ">
    <subfield code="a">Parte I: El sistema de la mercadotecnia: 1. Introducci&#xF3;n - 2. Mercadotecnia de los bienes de consumo manufacturados - 3. Mercadotecnia de mercancias industriales - 4. Mercadotecnia de productos agr&#xED;colas - Parte II: El consumidor y la mercadotecnia : 5. Mercado del consumidor - 6. Proceder y motivaci&#xF3;n del consumidor - 7. El comprador consumidor - Parte III: La estructura de la mercadotecnia: Distribuci&#xF3;n detallista : 8. La estructura detallista b&#xE1;sica - 9. La ubicaci&#xF3;n y el tama&#xF1;o de los establecimiento detallistas - 10. Instituciones detallistas - 11. Instituciones detallistas (continuaci&#xF3;n) - Parte IV : La estructura de la mercadotecnia: distribuci&#xF3;n mayorista : 13. La estructura b&#xE1;sica mayorista - 14. El mayorista corriente - 15. Relaciones fabricante-intermediario y mercdotecnia directa - 16. Tipo especializados de intermediarios mayoristas - 17. Mercadotecnia cooperativa de productos agr&#xED;colas - Parte V : Las funcones de la mercadotecnia: 18. Ventas - 19. Compras - 20. Distribucion f&#xED;sica - 21. Distribuci&#xF3;n f&#xED;sica (continuaci&#xF3;n) - 22. Finanzas del mercado - 23. Los riesgos del mercado - 24. Informaci&#xF3;n del mercado - 25. Estandarizaci&#xF3;n - Parte VI: Los precios, la pol&#xED;tica de precios y el gobierno en la mercadotecnia : 26. Competencias y precios - 27. Pol&#xED;tica de precios - 28. Pol&#xED;ticas de precios e influencias gubernamnetales - 29. Reglamentaci&#xF3;n del gobierno sobre monopolio y competencias- 30. Retricciones gubernametales sobre la competencia; protecci&#xF3;n del consumidor; ayudas para la eficiencia de la mercadotecnia - Parte VII : Costo y eficiencia de la mercadotecnia :  31. El costo de la mercadotecnia - 32. Eficiencia de la mercadotecnia.</subfield>
  </datafield>
  <datafield tag="942" ind1=" " ind2=" ">
    <subfield code="c">BK</subfield>
  </datafield>
  <datafield tag="590" ind1=" " ind2=" ">
    <subfield code="a">niveau_biblio:m niveau_hierar:0</subfield>
  </datafield>
  <datafield tag="100" ind1="1" ind2=" ">
    <subfield code="a">Tousley, Rayburn D</subfield>
  </datafield>
  <datafield tag="700" ind1="1" ind2=" ">
    <subfield code="a">Clark, Eugene</subfield>
  </datafield>
  <datafield tag="700" ind1="1" ind2=" ">
    <subfield code="a">Cantuarias, Roberto</subfield>
  </datafield>
  <datafield tag="700" ind1="1" ind2=" ">
    <subfield code="a">Clark, Fred E.</subfield>
  </datafield>
  <datafield tag="999" ind1=" " ind2=" ">
    <subfield code="c">3049</subfield>
    <subfield code="d">3049</subfield>
  </datafield>
  <datafield tag="952" ind1=" " ind2=" ">
    <subfield code="0">0</subfield>
    <subfield code="1">0</subfield>
    <subfield code="4">0</subfield>
    <subfield code="7">0</subfield>
    <subfield code="a">BCEJYS</subfield>
    <subfield code="b">BCEJYS</subfield>
    <subfield code="c">16</subfield>
    <subfield code="d">2026-04-07</subfield>
    <subfield code="l">0</subfield>
    <subfield code="o">658.8 T734</subfield>
    <subfield code="p">L21237</subfield>
    <subfield code="r">2026-04-07 15:56:53</subfield>
    <subfield code="w">2026-04-07</subfield>
    <subfield code="y">L</subfield>
  </datafield>
</record>
